Perfecting corporate character : Insightful lessons for 21st-century organizations
Na minha lista:
| Autor principal: | |
|---|---|
| Formato: | Livro |
| Idioma: | Undetermined |
| Publicado em: |
Lincoln James Associates
1997
|
| Assuntos: | |
| Tags: |
Adicionar Tag
Sem tags, seja o primeiro a adicionar uma tag!
|
| Thư viện lưu trữ: | Trung tâm Học liệu Trường Đại học Cần Thơ |
|---|
| LEADER | 00613nam a2200193Ia 4500 | ||
|---|---|---|---|
| 001 | CTU_99522 | ||
| 008 | 210402s9999 xx 000 0 und d | ||
| 082 | |a 174.4 | ||
| 082 | |b S553 | ||
| 100 | |a Sherosky, Frank J. | ||
| 245 | 0 | |a Perfecting corporate character : | |
| 245 | 0 | |b Insightful lessons for 21st-century organizations | |
| 245 | 0 | |c Frank J. Sherosky | |
| 260 | |b Lincoln James Associates | ||
| 260 | |c 1997 | ||
| 650 | |a Corporate culture,Corporate image,Industrial management | ||
| 650 | |x Moral and ethical aspects | ||
| 904 | |i Tuyến | ||
| 980 | |a Trung tâm Học liệu Trường Đại học Cần Thơ | ||